[Event "Panevezys op-C"]
[Site "Panevezys"]
[Date "2016.06.11"]
[Round "5"]
[White "Choinska, Debora"]
[Black "Kurtenkovas, Sergejus"]
[Result "1-0"]
[WhiteElo "1225"]
[BlackElo "1582"]
[PlyCount "64"]
[EventDate "2016.06.09"]
[EventType "swiss"]
[EventRounds "8"]
[EventCountry "LTU"]
[SourceTitle "CBM 172 Extra"]
[Source "ChessBase"]
[SourceDate "2016.06.21"]
[SourceVersion "1"]
[SourceVersionDate "2016.06.21"]
[SourceQuality "1"]

1. e4 d5 2. exd5 Nf6 3. d4 Nxd5 4. c4 Nb6 5. Nf3 Bg4 6. Be3 Nc6 7. c5 Nd5 8. h3 Bh5 9. Bb5 e6 10. g4 Bg6 11. Ne5 Nde7 12. Nxg6 Nxg6 13. Nc3 a6 14. Bxc6+ bxc6 15. f4 Be7 16. Qd2 Bh4+ 17. Bf2 Bxf2+ 18. Qxf2 0-0 19. 0-0-0 Qf6 20. Rhf1 Rfd8 21. Ne4 Qe7 22. Qe3 Re8 23. Rde1 Qd7 24. Qd2 Qd5 25. b3 Rab8 26. Nc3 Qd7 27. Ne4 Red8 28. Rd1 Ne7 29. Qf2 a5 30. Nc3 Rb4 31. Qg3 Rxd4 32. Rxd4 Qxd4 1-0